Xác định các nhân tố ảnh hưởng đến rủi ro tín dụng doanh nghiệp tại ngân hàng TMCP Bưu điện Liên Việt khu vực Đồng bằng sông Cửu Long : Luận văn Thạc sĩ Kinh tế. Chuyên ngành Tài chính - Ngân hàng

Đề tài xác định các nhân tố ảnh hưởng đến rủi ro tín dụng doanh nghiệp tại ngân hàng TMCP Bưu điện Liên Việt khu vực đồng bằng Sông Cửu Long. Từ đó đề xuất một số biện pháp cụ thể nhằm hạn chế rủi ro tín dụng và góp phần nâng cao hi...

Popoln opis

Shranjeno v:
Bibliografske podrobnosti
Glavni avtor: Võ, Thị Thùy Trang
Format: Knjiga
Jezik:Undetermined
Izdano: Cần Thơ Trường Đại học Cần Thơ 2016
Teme:
Oznake: Označite
Brez oznak, prvi označite!
Thư viện lưu trữ: Trung tâm Học liệu Trường Đại học Cần Thơ
LEADER 01386nam a2200217Ia 4500
001 CTU_212131
008 210402s9999 xx 000 0 und d
082 |a 332.12 
082 |b Tr106 
088 |a 60340201 
100 |a Võ, Thị Thùy Trang 
245 0 |a Xác định các nhân tố ảnh hưởng đến rủi ro tín dụng doanh nghiệp tại ngân hàng TMCP Bưu điện Liên Việt khu vực Đồng bằng sông Cửu Long : 
245 0 |b Luận văn Thạc sĩ Kinh tế. Chuyên ngành Tài chính - Ngân hàng 
245 0 |c Võ Thị Thùy Trang ; Trần Ái Kết (Cán bộ hướng dẫn) 
260 |a Cần Thơ 
260 |b Trường Đại học Cần Thơ 
260 |c 2016 
520 |a Đề tài xác định các nhân tố ảnh hưởng đến rủi ro tín dụng doanh nghiệp tại ngân hàng TMCP Bưu điện Liên Việt khu vực đồng bằng Sông Cửu Long. Từ đó đề xuất một số biện pháp cụ thể nhằm hạn chế rủi ro tín dụng và góp phần nâng cao hiệu quả hoạt động tín dụng cho các ngân hàng này 
650 |a Ngân hàng thương mại,Commercial banking 
904 |i Nguyên 
980 |a Trung tâm Học liệu Trường Đại học Cần Thơ